=LDR 00000nam 2200000 4500 =001 INLIS000000000025257 =005 20230906021734 =035 ##$$a 0010-061300000025257 =008 230906################g##########0#ind## =041 ##$$a Ind =082 ##$$a 519.5 =090 ##$$a 519.5, Sup s =100 ##$$a Supemo, Bambang =245 1#$$a Statistik terapan dalam penelitian ilmu-ilmu sosial dan pendidikan, /$c Bambang Soepemo =260 ##$$a Jakarta :$b Rieneka Cipta,$c 1997 =300 ##$$a 236 hlm, ; $c 21 cm =650 #4$$a Statistik terapan =850 ##$$a NBPNMAT =020 ##$$a 979-518-672-8 =084 ##$$a 519.5 SUP s =990 ##$$a 152.024/Pb.2000 =990 ##$$a 00051785 =990 ##$$a 113.552/Pro-97 =990 ##$$a 152.024/Pb.2000